00286nam a2200109Ia 4500008004100000041001200041100001600053245007700069260000600146650000600152700001800158221030s9999 xx 000 0 und d aEnglish aL. Cromwell 0aBiomedical Instrumentation & measurementscby L. Cromwell, F. J. Weibell c0 aB aF. J. Weibell